000 00450 a2200121 4500
082 _a779.85
_bC445f
110 _aBanco de la Republica / Biblioteca Luis Angel Arango
_9497
245 _aMartin Chambi
_bFotografias del Peru 1920-1950
260 _aPeru
_bBanco de la Republica
_c1988
300 _a106 p
_bil.
_c28 cm
650 _aFotografa̕
_vCatl̀ogo de exhibicin̤ 1920-1950
_zPer
_9553
710 _aBanco de la Republica / Biblioteca Luis Angel Arango
_9498
999 _c100
_d100